000 00903nam a22002057a 4500
999 _c61953
_d61953
003 Ge_BSU
005 20240614113316.0
008 240614s1987 ge ||||| |||| 00| 0 geo d
041 _ageo
080 _a159.923.3 ბ-95
100 _aბუიანოვი, მ.ი.
_922433
245 _aუჩვეულო ხასიათები /
_cმ.ი. ბუიანოვი; [თარგმნა თ. მგელაძემ].
264 _aთბილისი :
_bსაბჭოთა საქართველო,
_c1987.
300 _a141 გვ. ;
_b 20 სმ.
653 _aფსიქოლოგია
653 _a ხასიათი.
700 _aმგელაძე, თ.
_eმთარგმნელი
_93881
856 _uhttps://dspace.nplg.gov.ge/bitstream/1234/460567/1/Uchveulo_Xasiatebi_1987.pdf
_yელ. ვერსია
942 _2udc
_cᲬᲘᲒᲜᲘ